00965nam a2200229 a 450000100100000000500170001000800410002702000150006804000250008308200180010811000790012624501240020526000300032930000440035950000410040350000560044470000450050071000420054504900090058795201220059699900170071800002443920200930023156.0110127s1995 sp abc r 001 0 spa d a8420694509 aDO-SdBNPbspacBNPHU axxxxxxbA469s1 aAlto Comisionado de las Naciones Unidas para los Refugiados (ACNUR)95010413aLa situación de los refugiados en el mundo 1995 :ben busca de soluciones /ctraducción Carmen Torrente Martínez. aMadrid :bAlianza,c1995. a266 p. :bil., mapas., retrs. ;c25 cm. aIncluye bibliografía p. [259-263]. aIncluye índice de países en orden alfabético.1 aTorrente Martínez, Carmen,etr.9501051 aMinisterio de Asuntos Sociales950106 aBNGR 001054708MOaGRbGRcCTd2011-01-27iLF1l0oxxxxxx A469sp24439-10r2020-06-25w2020-06-25y4ZPréstamo en sala c23932d23932